Gaming Quiz

Random Gaming or Pokémon Quiz

Pokemon- the Johto Region Quiz Stats

 Plays Quiz not verified by Sporcle

Also try: Minecraft Blocks
Challenge
Share
Tweet
Embed
Score 0/53 Timer 05:00
0 Plays Today
Name the... answer: % Correct
Gym's Dominant Type:Flying
92.8%
Gym's Dominant Type:Bug
92.3%
Gym's Dominant Type:Normal
89.9%
Gym Leader #1:Falkner
89.4%
Gym's Dominant Type:Dragon
88.4%
Dominant Type:Dragon
88.4%
Gym Leader #2:Bugsy
87%
Gym's Dominant Type:Fighting
87%
Dominant Type:Fighting
87%
3rd Gym:Goldenrod City
86.5%
Gym's Dominant Type:Ghost
86%
Gym's Dominant Type:Ice
85.5%
1st Gym:Violet City
85%
Gym Leader #3:Whitney
83.1%
Gym's Dominant Type:Steel
83.1%
Champion:Dragon Master Lance
80.7%
Gym Leader #8:Clair
78.3%
Gym Leader #4:Morty
77.8%
Elite Four Member #3:Bruno
77.8%
Evil Team:Team Rocket
77.8%
2nd Gym:Azalea Town
76.8%
Dominant Type:Poison
76.3%
Gym Leader #6:Jasmine
75.8%
Dominant Type:Psychic
75.4%
Dominant Type:Dark
75.4%
4th Gym:Ecruteak City
74.9%
Gym Leader #5:Chuck
74.9%
Name the... answer: % Correct
Elite Four Member #2:Koga
74.9%
8th Gym:Blackthorn City
74.4%
6th Gym:Olivine City
73.4%
Gym Leader #7:Pryce
72.5%
Other Town #1:New Bark Town
71%
3rd Badge's Name:Plain Badge
69.1%
Elite Four Member #1:Will
68.1%
7th Gym:Mahogany Town
67.6%
Pokemon League Location:Indigo Plateau
67.1%
1st Badge's Name:Zephyr Badge
66.2%
5th Gym:Cianwood City
65.7%
Rival:Silver
61.8%
Other Town #2:CherryGrove City
61.4%
2nd Badge's Name:Hive Badge
60.4%
Elite Four Member #4:Karen
55.6%
Pokemon Professor:Professor Elm
48.8%
4th Badge's Name:Fog Badge
48.3%
8th Badge's Name:Rising Badge
47.8%
6th Badge's Name:Mineral Badge
44.4%
7th Badge's Name:Glacier Badge
37.7%
5th Badge's NameStorm Badge
37.2%
Battle Frontier Brain #1Tower Tycoon Palmer
24.2%
Battle Frontier Brain #4Castle Valet Darach and Lady Caitlyn
19.8%
Battle Frontier Brain #3Arcade Star Dahlia
17.4%
Battle Frontier Brain #2Factory Head Thorton
16.9%
Battle Frontier Brain #5Hall Matron Argenta
14.5%

You're not logged in!

Compare scores with friends on all Sporcle quizzes.
Join for Free
OR
Log In

You Might Also Like...

Show Comments

Extras

Top Quizzes Today


Score Distribution

Your Account Isn't Verified!

In order to create a playlist on Sporcle, you need to verify the email address you used during registration. Go to your Sporcle Settings to finish the process.

Report this User

Report this user for behavior that violates our Community Guidelines.

Details: